000
00318nam a2200121Ia 4500
005
20251222144714.0
008
251222s9999||||xx |||||||||||||| ||spa||
082
_a
232.91/B38/Ej.2
100
_a
Bello , Antonio
245
0
_a
María, Mujer de nuestros días
264
_b
Universidad Marcelino Champagnat
942
_c
LIB
999
_c
17933
_d
17933